Fisheries biology, assessment and management / (Record no. 221)

MARC details
000 -LEADER
fixed length control field 01393nam a22003497a 4500
001 - CONTROL NUMBER
control field 14773830
005 - DATE AND TIME OF LATEST TRANSACTION
control field 20230228103029.0
008 - FIXED-LENGTH DATA ELEMENTS--GENERAL INFORMATION
fixed length control field 230228b |||||||| |||| 00| 0 eng d
010 ## - LIBRARY OF CONGRESS CONTROL NUMBER
LC control number 2007011457
015 ## - NATIONAL BIBLIOGRAPHY NUMBER
National bibliography number GBA737747
Source bnb
016 7# - NATIONAL BIBLIOGRAPHIC AGENCY CONTROL NUMBER
Record control number 013746910
Source Uk
020 ## - INTERNATIONAL STANDARD BOOK NUMBER
International Standard Book Number 9781405158312 (pbk. : alk. paper)
020 ## - INTERNATIONAL STANDARD BOOK NUMBER
International Standard Book Number 140515831X (pbk. : alk. paper)
035 ## - SYSTEM CONTROL NUMBER
System control number (OCoLC)ocm86110064
035 ## - SYSTEM CONTROL NUMBER
System control number (OCoLC)86110064
040 ## - CATALOGING SOURCE
Original cataloging agency DLC
Transcribing agency KMU
Modifying agency KMU
-- BAKER
-- BTCTA
-- BWKUK
-- YDXCP
-- BWK
-- DLC
050 00 - LIBRARY OF CONGRESS CALL NUMBER
Classification number SH 328
Item number .K55 2007
100 1# - MAIN ENTRY--PERSONAL NAME
Personal name King, M. G.
245 10 - TITLE STATEMENT
Title Fisheries biology, assessment and management /
Statement of responsibility, etc. Michael King.
250 ## - EDITION STATEMENT
Edition statement 2nd ed.
260 ## - PUBLICATION, DISTRIBUTION, ETC.
Place of publication, distribution, etc. Oxford ;
-- Ames, Iowa :
Name of publisher, distributor, etc. Blackwell Pub.,
Date of publication, distribution, etc. c2007.
300 ## - PHYSICAL DESCRIPTION
Extent xiv, 382 p. :
Other physical details ill. ;
Dimensions 25 cm.
504 ## - BIBLIOGRAPHY, ETC. NOTE
Bibliography, etc. note Includes bibliographical references and index.
650 #0 - SUBJECT ADDED ENTRY--TOPICAL TERM
Topical term or geographic name entry element Fishery management.
650 #0 - SUBJECT ADDED ENTRY--TOPICAL TERM
Topical term or geographic name entry element Fish populations.
856 41 - ELECTRONIC LOCATION AND ACCESS
Materials specified Table of contents only
Uniform Resource Identifier <a href="http://www.loc.gov/catdir/toc/ecip0713/2007011457.html">http://www.loc.gov/catdir/toc/ecip0713/2007011457.html</a>
856 42 - ELECTRONIC LOCATION AND ACCESS
Materials specified Contributor biographical information
Uniform Resource Identifier <a href="http://www.loc.gov/catdir/enhancements/fy0827/2007011457-b.html">http://www.loc.gov/catdir/enhancements/fy0827/2007011457-b.html</a>
856 42 - ELECTRONIC LOCATION AND ACCESS
Materials specified Publisher description
Uniform Resource Identifier <a href="http://www.loc.gov/catdir/enhancements/fy0827/2007011457-d.html">http://www.loc.gov/catdir/enhancements/fy0827/2007011457-d.html</a>
906 ## - LOCAL DATA ELEMENT F, LDF (RLIN)
a 7
b cbc
c orignew
d 1
e ecip
f 20
g y-gencatlg
942 ## - ADDED ENTRY ELEMENTS (KOHA)
Source of classification or shelving scheme Library of Congress Classification
Koha item type Non-Fiction
Suppress in OPAC No
Holdings
Withdrawn status Lost status Source of classification or shelving scheme Damaged status Not for loan Collection Home library Current library Shelving location Date acquired Source of acquisition Total Checkouts Full call number Barcode Date last seen Date last checked out Price effective from Koha item type
    Library of Congress Classification     Non-fiction Kapasa Makasa University Kapasa Makasa University Open Access 28.02.2023 Donation 2 SH 328 Kin 741549 12.09.2023 29.08.2023 28.02.2023 Non-Fiction
    Library of Congress Classification     Non-fiction Kapasa Makasa University Kapasa Makasa University Open Access 29.08.2023 Book International Aid   SH 328 Kin 739310 29.08.2023   29.08.2023 Non-Fiction